[Event "SVK-chT"]
[Site "?"]
[Date "1994.??.??"]
[Round "?"]
[White "Dudas, Jan"]
[Black "Stohl, Igor"]
[Result "0-1"]
[WhiteElo "2290"]
[BlackElo "2545"]

1.c4 e5 2.g3 Nf6 3.Bg2 d5 4.cxd5 Nxd5 5.Nc3 Nb6 6.Nf3 Nc6 7.O-O Be7 8.b3 O-O
9.Bb2 Bg4 10.Rc1 Qd7 11.d3 Bh3 12.Ne4 Bxg2 13.Kxg2 Qe6 14.Nc5 Bxc5 15.Rxc5 f6
16.a3 Rad8 17.Qc2 Rd7 18.Rc1 Rc8 19.b4 a6 20.Nd2 Qf7 21.b5 axb5 22.Rxb5 Rd5
23.Qb3 Rxb5 24.Qxb5 Ra8 25.Qb3 Ra5 26.Qxf7+ Kxf7 27.Ne4 Nd5 28.Nc5 Nd8 29.Rc2 b6
30.Nb3 Rb5 31.Nd2 Ne6 32.Nc4 Nc5 33.d4 exd4 34.Bxd4 Nb3 35.Bb2 Rc5 36.a4 Na5
37.Na3 Rxc2 38.Nxc2 Nc4 39.Ba1 c5 40.e4 Nb4 41.Ne1 Nd2 42.f3 Nb3 43.Bb2 c4
44.Kf2 Nc5 45.Ba3 Nba6 46.a5 bxa5 47.Ke3 Nb3 48.Nc2 Nc7 49.Bb2 Nb5 50.Na3 Nxa3
51.Bxa3 c3 52.Kd3 c2 53.Kxc2 Nd4+ 54.Kd3 Nxf3 55.h3 Ke6 56.Ke3 Ng5 57.h4 Nf7
58.Bb2 h5 59.Ba1 Nd6 60.Kf4 Nc4 61.g4 hxg4 62.Kxg4 a4 63.Kf4 a3 64.h5 a2
65.Bc3 Nd2 66.e5 fxe5+ 67.Bxe5 Kf7 68.Bc3 Kg8  0-1

[Event "Wch U18"]
[Site "Szeged"]
[Date "1994.??.??"]
[Round "2"]
[White "Quinn, Mark"]
[Black "Ruck, Robert"]
[Result "0-1"]
[WhiteElo "2305"]
[BlackElo "2420"]

1.c4 e5 2.g3 Nf6 3.Bg2 d5 4.cxd5 Nxd5 5.Nc3 Nb6 6.Nf3 Nc6 7.O-O Be7 8.d3 O-O
9.a3 Re8 10.Be3 Bf8 11.Rc1 Nd4 12.Re1 c6 13.Bxd4 exd4 14.Na4 Bg4 15.Nc5 Bxc5
16.Rxc5 Qd6 17.Qc1 a5 18.h3 Be6 19.Nd2 a4 20.Ne4 Qe7 21.Qg5 f6 22.Qh4 Nd7
23.Rcc1 Bd5 24.Nd2 Bxg2 25.Kxg2 Qd6 26.Rc2 Qd5+ 27.Nf3 c5 28.Rec1 Re6 29.Kh2 Rae8
30.Ng1 b6 31.Qg4 Ne5 32.Qf4 Kf7 33.g4 R6e7 34.Qg3 Ng6 35.Rc4 Qd7 36.Rf1 Re5
37.b3 axb3 38.Rb1 b5 39.Rcc1 Qe6 40.Nf3 Rxe2 41.Rxc5 Rxf2+ 42.Qxf2 Qd6+ 43.Kg1 Qxc5
44.Nxd4 Ne5 45.Nxb3 Qd5 46.Qg3 Nf3+ 47.Kf2 Qxd3 48.Rb2 Qc3 49.Qxf3 Qxb2+
50.Kg3 Qe5+ 51.Kf2 Qe1+  0-1

[Event "Wch U18"]
[Site "Szeged"]
[Date "1994.??.??"]
[Round "7"]
[White "Ruck, Robert"]
[Black "Nguyen Anh Dung"]
[Result "1/2-1/2"]
[WhiteElo "2420"]
[BlackElo "2345"]

1.c4 e5 2.g3 Nc6 3.Bg2 d6 4.Nc3 g6 5.e3 Bg7 6.Nge2 Be6 7.d4 exd4 8.Nxd4 Bd7
9.O-O Nge7 10.b3 O-O 11.Bb2 Qc8 12.Re1 Bh3 13.Bh1 Ne5 14.Nd5 Nxd5 15.cxd5 Qd7
16.Rc1 Rac8 17.Qd2 Rfe8 18.Ba3 Ng4 19.Rc4 Nf6 20.Rec1 Re5 21.Qb4 Qe8 22.Qd2 Bh6
23.Nc2 Ne4 24.Qb4 a5 25.Qe1 b5 26.Rd4 c5 27.dxc6 Rxc6 28.Rd3 b4 29.Bb2 Rec5
30.Nd4 Rxc1 31.Bxc1 Rc8 32.Bb2 Bg7 33.f3 Nc5 34.Rd1 Bd7 35.Bg2 Qe7 36.Qd2 Re8
37.e4 Rd8 38.Bf1 Ne6 39.Bc4 Nxd4 40.Bxd4 Be6 41.Bxg7 Kxg7 42.Qd4+ Kg8 43.Bxe6 Qxe6
44.Qb6 Rc8 45.Qxa5 Qh3 46.Qd5 Rc2 47.Rd2 Rc1+ 48.Rd1 Rc2  1/2-1/2

[Event "Wch U18"]
[Site "Szeged"]
[Date "1994.??.??"]
[Round "7"]
[White "Bonaveri, Agustin"]
[Black "Sriram, Jha"]
[Result "1-0"]
[WhiteElo "2160"]
[BlackElo "2285"]

1.c4 e5 2.g3 d6 3.Bg2 g6 4.Nc3 Bg7 5.e3 Nc6 6.Nge2 Nf6 7.d4 O-O 8.O-O Bd7
9.h3 a6 10.a3 Rb8 11.b4 b5 12.d5 Ne7 13.c5 Qc8 14.Kh2 c6 15.dxc6 Bxc6 16.Bxc6 Qxc6
17.Qxd6 Qxd6 18.cxd6 Nf5 19.Rd1 Rfd8 20.d7 Rxd7 21.Rxd7 Nxd7 22.Bd2 Nb6 23.Ne4 Nc4
24.Be1 Rc8 25.a4 Nfd6 26.Nc5 a5 27.axb5 Nxb5 28.Nb3 e4 29.Ra4 axb4 30.Rxb4 Nbd6
31.Nbd4 Ne5 32.Kg2 Nd3 33.Rb1 Ra8 34.Bc3 h5 35.Nc1 Ra2 36.Nxa2  1-0

[Event "Wch U18"]
[Site "Szeged"]
[Date "1994.??.??"]
[Round "9"]
[White "Ruck, Robert"]
[Black "Dao Thien Hai"]
[Result "1-0"]
[WhiteElo "2420"]
[BlackElo "2495"]

1.c4 e5 2.g3 Nc6 3.Bg2 Nf6 4.Nc3 g6 5.Nf3 Bg7 6.d4 exd4 7.Nxd4 O-O 8.O-O Ne5
9.b3 Re8 10.Bb2 d6 11.Qd2 a6 12.Rad1 Rb8 13.h3 Bd7 14.Rfe1 Qc8 15.Kh2 h5
16.Nd5 Qd8 17.f4 Nc6 18.e4 Nh7 19.Nf3 Bxb2 20.Qxb2 b5 21.Ng5 Nxg5 22.Nf6+ Kf8
23.Nxe8 Qxe8 24.fxg5 Kg8 25.c5 dxc5 26.Qc3 c4 27.bxc4 bxc4 28.Qxc4 Rb2 29.a3 h4
30.Qc3 hxg3+ 31.Qxg3 Be6 32.Qxc7 Bxh3 33.Kxh3 Qe6+ 34.Kh2 Ne5 35.Qd8+ Kh7
36.Rh1  1-0

[Event "Ticino op"]
[Site "Ticino"]
[Date "1994.??.??"]
[Round "2"]
[White "Foisor, Ovidiu"]
[Black "Caruso, Daniele"]
[Result "1-0"]
[WhiteElo "2440"]
[BlackElo "2085"]

1.c4 e5 2.g3 Nc6 3.Bg2 g6 4.Nc3 Bg7 5.Rb1 f5 6.d3 Nf6 7.e3 O-O 8.Nge2 d6
9.b4 Rb8 10.b5 Ne7 11.a4 Be6 12.Ba3 Qd7 13.O-O Nh5 14.Nd5 f4 15.exf4 Bxd5
16.cxd5 exf4 17.Bf3 fxg3 18.fxg3 Kh8 19.Bb2 Nf5 20.Qc1 Rbe8 21.Be4 Bxb2 22.Rxb2 Nfg7
23.Nd4 Rxf1+ 24.Qxf1 Qe7 25.Rf2 Nf5 26.Nxf5 gxf5 27.Rxf5 Ng7 28.Rf7 Qd8 29.Qf4 Kg8
30.Bxh7+ Kxh7 31.Qg4  1-0

[Event "Ticino op"]
[Site "Ticino"]
[Date "1994.??.??"]
[Round "4"]
[White "Foisor, Ovidiu"]
[Black "Drei, Andrea"]
[Result "1/2-1/2"]
[WhiteElo "2440"]
[BlackElo "2270"]

1.c4 e5 2.g3 Nf6 3.Bg2 d5 4.cxd5 Nxd5 5.Nc3 Nb6 6.Nf3 Nc6 7.a3 Be7 8.b4 a6
9.d3 O-O 10.O-O f5 11.Bb2 Be6 12.Rc1 Bf6 13.Nd2 Qe7 14.Na4 Nxa4 15.Qxa4 Nd8
16.Qc2 c6 17.Qc5 Qxc5 18.bxc5 Nf7 19.Nc4 Rad8 20.f4 Bxc4 21.Rxc4 g6 22.Rb1 Rd7
23.Bh3 Re8 24.g4 fxg4 25.Bxg4 Rde7 26.Rb4 Nd8 27.e4 Rf7 28.Bd1 Be7 29.Rc1 Ne6
30.Bb3 Bxc5+ 31.Rxc5 Nxc5 32.Bxf7+ Kxf7 33.Bxe5 Nxd3 34.Rxb7+ Re7 35.Rb6 Nxe5
36.fxe5 Rxe5 37.Rxa6 Rxe4 38.Rxc6  1/2-1/2

[Event "Ticino op"]
[Site "Ticino"]
[Date "1994.??.??"]
[Round "5"]
[White "Sher, Miron N"]
[Black "Di Fonzo, Valerio"]
[Result "1-0"]
[WhiteElo "2520"]
[BlackElo "2220"]

1.c4 e5 2.g3 Nc6 3.Bg2 g6 4.Nc3 Bg7 5.d3 f5 6.e4 d6 7.Nge2 Nge7 8.O-O O-O
9.Rb1 a5 10.a3 Be6 11.Nd5 fxe4 12.dxe4 Qd7 13.b4 axb4 14.axb4 b6 15.Be3 Kh8
16.c5 bxc5 17.bxc5 dxc5 18.Bxc5 Rfd8 19.Nec3 Bg4 20.Qc1 Nxd5 21.Nxd5 Nd4
22.Kh1 Bh3 23.Bxd4 exd4 24.Qxc7 Bxg2+ 25.Kxg2 Qxc7 26.Nxc7 Ra2 27.Rb3 Be5
28.Nd5 g5 29.Nb4 Rb8 30.Rfb1 Ra5 31.Nc6 Rxb3 32.Rxb3 Rc5 33.Nxe5 Rxe5 34.Kf3 Rc5
35.Rd3 Rc7 36.Kg4 h6 37.f4 gxf4 38.gxf4 Kg7 39.Kf5 Rc2 40.Rxd4 Rxh2 41.Rd7+ Kf8
42.Kf6 Ke8 43.Re7+ Kd8 44.f5 h5 45.e5 h4 46.Rh7 h3 47.e6 Rh1 48.Rh8+ Kc7
49.e7  1-0

[Event "Tiraspol"]
[Site "Tiraspol"]
[Date "1994.??.??"]
[Round "1"]
[White "Razuvaev, Yuri S"]
[Black "Nevednichy, Vladislav"]
[Result "1/2-1/2"]
[WhiteElo "2555"]
[BlackElo "2480"]

1.c4 e5 2.g3 Nc6 3.Bg2 f5 4.e3 Nf6 5.Nc3 Bb4 6.Nge2 O-O 7.O-O Bxc3 8.Nxc3 d6
9.b3 Qe8 10.d3 Bd7 11.Ba3 Qg6 12.c5 dxc5 13.Bxc5 Rfe8 14.b4 a6 15.b5 axb5
16.Nxb5 Rac8 17.a4 e4 18.Nc3 b6 19.Ba3 Kh8 20.Ne2 Ne5 21.Nf4 Qf7 22.Bb2 c5
23.Bxe5  1/2-1/2

[Event "Tiraspol"]
[Site "Tiraspol"]
[Date "1994.??.??"]
[Round "2"]
[White "Arbakov, Valentin"]
[Black "Savon, Vladimir A"]
[Result "1-0"]
[WhiteElo "2575"]
[BlackElo "2435"]

1.c4 e5 2.g3 Nf6 3.Bg2 d5 4.cxd5 Nxd5 5.Nc3 Nb6 6.Nf3 Nc6 7.O-O Be7 8.b3 O-O
9.Bb2 Re8 10.d3 Bf8 11.Rc1 a5 12.Na4 Nd7 13.Qc2 Bd6 14.Rfd1 Qe7 15.Qb1 Nf6
16.e3 Bd7 17.d4 e4 18.Nd2 Nb4 19.Nc5 Bc6 20.a3 Na6 21.Nxa6 Rxa6 22.Nc4 Bd5
23.a4 h5 24.Bc3 Bb4 25.Bxb4 Qxb4 26.Qc2 Re7 27.Qc3 Rc6 28.Bh3 Qxc3 29.Rxc3 Ng4
30.Rdc1 b6 31.Bf1 Kf8 32.Na3 Rxc3 33.Rxc3 Ke8 34.Kg2 Kd7 35.Nc4 Kd8  1-0

[Event "JUG-ch"]
[Site "Tivat"]
[Date "1994.??.??"]
[Round "13"]
[White "Drasko, Milan"]
[Black "Marjanovic, Slavoljub"]
[Result "1-0"]
[WhiteElo "2545"]
[BlackElo "2425"]

1.c4 e5 2.g3 Nc6 3.Bg2 g6 4.Nc3 Bg7 5.Rb1 a5 6.d3 d6 7.a3 f5 8.e3 Nf6 9.Nge2 O-O
10.O-O h6 11.b4 axb4 12.axb4 g5 13.f4 Ne7 14.b5 Ng6 15.Bd2 Kh7 16.Qc2 Qe7
17.Rbe1 Qe8 18.Bh3 Ne7 19.d4 exd4 20.exd4 g4 21.Bg2 c6 22.Qd3 Qf7 23.d5 cxd5
24.Nxd5 Nexd5 25.cxd5 Ne4 26.Bb4 Bd7 27.Rb1 Qe8 28.Nd4 Bxd4+ 29.Qxd4 Bxb5
30.Rfe1 Ra4 31.Bxe4 fxe4 32.Rxe4 Qg6 33.Rbe1 Raa8 34.Re6 Qf5 35.Re7+ Rf7
36.Bxd6 Rd8 37.Rxf7+ Qxf7 38.Re7  1-0

[Event "Four Nations Team U20"]
[Site "Tjele"]
[Date "1994.??.??"]
[Round "3"]
[White "Leer Salvesen, Bjarte"]
[Black "Andersson, Tommy"]
[Result "1-0"]
[WhiteElo "2170"]
[BlackElo "2135"]

1.c4 e5 2.g3 d6 3.Bg2 Nf6 4.Nc3 Be7 5.d3 O-O 6.Nf3 c6 7.O-O Qc7 8.Bd2 h6
9.Rb1 Be6 10.Qc2 Nbd7 11.Rfc1 Rfc8 12.b4 a6 13.Qb2 Qd8 14.a4 d5 15.cxd5 cxd5
16.a5 b5 17.axb6 Qxb6 18.Na4 Qb5 19.Nc3 Qb7 20.Na4 Bd6 21.Bc3 Qb5 22.Nc5 d4
23.Bxd4 exd4 24.Nxd4 Be5 25.Nxb5 Bxb2 26.Rxb2 axb5 27.Bxa8 Rxa8 28.Nxe6 fxe6
29.Rc7 Rb8 30.Ra2 Kf8 31.Raa7 Ke7 32.Rcb7 Rxb7 33.Rxb7 Nd5 34.Rxb5 Nc3 35.Ra5 Nxe2+
36.Kg2 Nd4 37.b5 Kd6 38.Ra6+ Kc7 39.Ra7+ Kc8 40.Ra8+ Nb8 41.Ra7 Nd7 42.b6 g5
43.Rc7+ Kd8 44.Rc4 Nb5 45.Rc6 Ke7 46.b7 Nd6 47.Rc7 Kd8 48.Rxd7+  1-0

[Event "Val Thorens Principal"]
[Site "Val Thorens"]
[Date "1994.??.??"]
[Round "1"]
[White "Lalic, Bogdan"]
[Black "Ungureanu, Emil"]
[Result "1-0"]
[WhiteElo "2530"]
[BlackElo "2320"]

1.c4 e5 2.g3 Nc6 3.Bg2 d6 4.Nc3 Be6 5.d3 Qd7 6.Rb1 h6 7.b4 g5 8.b5 Nd8 9.e4 Bg7
10.Nge2 Ne7 11.Nd5 c6 12.bxc6 bxc6 13.Nxe7 Kxe7 14.Nc3 Nb7 15.Be3 Rhb8 16.h4 f6
17.hxg5 fxg5 18.O-O Nd8 19.Qa4 c5 20.Nd5+ Kf8 21.Qc2 Nc6 22.f4 exf4 23.gxf4 g4
24.Qa4 Rxb1 25.Rxb1 Rb8 26.Rxb8+ Nxb8 27.Qa3 Qb7 28.e5 Qb1+ 29.Kf2 h5 30.Qxa7 Nd7
31.Qa8+ Kf7 32.Qd8 Bf8 33.Nc7 g3+ 34.Kxg3 h4+ 35.Kh2  1-0

[Event "Vienna op"]
[Site "Vienna"]
[Date "1994.??.??"]
[Round "2"]
[White "Todor, Razvan"]
[Black "Palos, Osman"]
[Result "1/2-1/2"]
[WhiteElo "2165"]
[BlackElo "2375"]

1.c4 e5 2.g3 Nf6 3.Bg2 Nc6 4.Nf3 h6 5.d3 Bb4+ 6.Bd2 a5 7.Nc3 O-O 8.O-O Re8
9.Nd5 Bxd2 10.Nxf6+ Qxf6 11.Nxd2 d6 12.Ne4 Qd8 13.Nc3 Nd4 14.e3 Ne6 15.Qd2 c6
16.d4 exd4 17.exd4 Nc7 18.Rfe1 Bf5 19.Rxe8+ Nxe8 20.Re1 Nf6 21.d5 c5 22.Qf4  1/2-1/2

[Event "Volgograd"]
[Site "Volgograd"]
[Date "1994.??.??"]
[Round "9"]
[White "Savon, Vladimir A"]
[Black "Chachalev, Jurij"]
[Result "1-0"]
[WhiteElo "2435"]
[BlackElo "2220"]

1.c4 e5 2.g3 f5 3.Bg2 Nf6 4.Nc3 Be7 5.e4 fxe4 6.Nxe4 Nc6 7.Ne2 d6 8.d4 Bg4
9.f3 Bh5 10.Ng5 Qb8 11.Ne6 Kf7 12.d5 Nd8 13.g4 Bg6 14.f4 Nxg4 15.f5 Bh4+
16.Ng3 Nxh2 17.fxg6+ hxg6 18.Qd3 Ng4 19.Bg5  1-0

[Event "Wattens op"]
[Site "Wattens"]
[Date "1994.??.??"]
[Round "2"]
[White "Mednis, Edmar John"]
[Black "Ritz, Thomas"]
[Result "1-0"]
[WhiteElo "2420"]
[BlackElo "2030"]

1.c4 e5 2.g3 Nc6 3.Bg2 g6 4.Nc3 Bg7 5.e3 d6 6.Nge2 h5 7.d4 h4 8.d5 Nce7 9.e4 h3
10.Bf1 Bg4 11.Qd3 Nh6 12.f3 Bd7 13.Ng1 f5 14.Nxh3 fxe4 15.Nxe4 Nhf5 16.Nhg5 Nd4
17.Bg2 Nef5 18.O-O Qe7 19.Bd2 O-O 20.Nc3 Bh6 21.Nge4 g5 22.Nf2 Qg7 23.Ng4 Ne7
24.Ne4 Bf5 25.Be3 Bg6 26.Qd2 Nef5 27.Nxh6+ Qxh6 28.Bxg5 Qh7 29.Nf6+ Rxf6
30.Bxf6 Rf8 31.Bg5 Qh5 32.g4 Ne2+ 33.Qxe2 Qxg5 34.gxf5  1-0

[Event "Wattens op"]
[Site "Wattens"]
[Date "1994.??.??"]
[Round "3"]
[White "Platzgummer, Peter"]
[Black "Mrsic, Robert"]
[Result "0-1"]
[WhiteElo "1690"]
[BlackElo "1865"]

1.c4 e5 2.g3 Nf6 3.Bg2 Nc6 4.d3 Bb4+ 5.Bd2 Bxd2+ 6.Qxd2 O-O 7.Nc3 d6 8.a3 Bg4
9.e3 Qd7 10.Nge2 Bh3 11.O-O Rae8 12.b4 Ne7 13.f3 Bxg2 14.Kxg2 d5 15.Rad1 d4
16.Ne4 Nf5 17.Nxf6+ gxf6 18.exd4 exd4 19.Qb2 Ne3+ 20.Kg1 Nxd1 21.Rxd1 Rd8
22.Nf4 c6 23.Qd2 Rde8 24.Nh5 Qe6 25.Kh1 Qe2 26.Qf4 Qxd1+ 27.Kg2 Re2+ 28.Kh3 Qf1+
29.Kg4 Rxh2 30.Nxf6+ Kh8 31.Qxd4 Qh3+ 32.Kf4 Qh6+ 33.Kf5 Qg7  0-1

[Event "Wattens op"]
[Site "Wattens"]
[Date "1994.??.??"]
[Round "6"]
[White "Mednis, Edmar John"]
[Black "Ungureanu, Emil"]
[Result "1/2-1/2"]
[WhiteElo "2420"]
[BlackElo "2320"]

1.c4 e5 2.g3 Nc6 3.Bg2 d6 4.Nc3 Be6 5.d3 Qd7 6.Bd2 h6 7.Qa4 Nd8 8.Qxd7+ Kxd7
9.f4 f6 10.Nh3 Ne7 11.Nf2 Nf5 12.Rc1 c6 13.b4 Be7 14.Rb1 Re8 15.b5 Bf8 16.bxc6+ bxc6
17.O-O Kc8 18.Rb2 Rb8 19.Rfb1 Rxb2 20.Rxb2 Re7  1/2-1/2

[Event "Wattens op"]
[Site "Wattens"]
[Date "1994.??.??"]
[Round "8"]
[White "Platzgummer, Peter"]
[Black "Ramroth, Stefan"]
[Result "0-1"]
[WhiteElo "1690"]
[BlackElo "1920"]

1.c4 e5 2.g3 Nc6 3.Bg2 g6 4.Nc3 Bg7 5.e3 Nge7 6.Nge2 O-O 7.O-O d6 8.a3 a5
9.Rb1 Bf5 10.e4 Be6 11.d3 Qd7 12.Be3 Bh3 13.Nb5 Bxg2 14.Kxg2 f5 15.f4 Nd8
16.b4 c6 17.Nbc3 exf4 18.Bxf4 Ne6 19.Qb3 axb4 20.axb4 Kh8 21.Rf2 g5 22.exf5 Nxf5
23.Bd2 Nfd4 24.Rxf8+ Rxf8 25.Qd1 Qf7 26.Ng1 Qf2+ 27.Kh1 Qf5 28.Ne4 d5 29.Nc5 Nxc5
30.bxc5 Qxd3 31.Qe1 Nf3 32.Qf1 Qxf1 33.Rxf1 Nxd2  0-1

[Event "Werfen op"]
[Site "Werfen"]
[Date "1994.??.??"]
[Round "?"]
[White "Piven, Igor"]
[Black "Pinkas, Karol"]
[Result "1-0"]
[WhiteElo "2320"]
[BlackElo "2335"]

1.c4 e5 2.g3 Nf6 3.Bg2 Nc6 4.Nc3 Bb4 5.d3 O-O 6.e4 d6 7.Ne2 Bg4 8.f3 Be6
9.O-O Nd7 10.Nd5 Bc5+ 11.Kh1 Nd4 12.b4 Nxe2 13.Qxe2 Bd4 14.Rb1 f5 15.Bh3 Bxd5
16.cxd5 f4 17.gxf4 exf4 18.Bb2 Bxb2 19.Rxb2 Kh8 20.Rc1 Nf6 21.Rbc2 Ne8 22.d4 a5
23.b5 b6 24.a4 Rf6 25.e5 Qe7 26.Qe4 Rd8 27.Bf5 dxe5 28.dxe5 Rxd5 29.Qxd5 Rxf5
30.Re1 g6 31.Qc6 Kg7 32.Rd2 Kh6 33.Qe4 Qh4 34.Rg2 Qh3 35.Kg1 Qh4 36.Rg4 Rg5
37.Rxg5 Kxg5 38.Re2 Ng7 39.Rg2+ Kh5 40.Rg4 Qd8 41.Qxf4 Ne6 42.Qe3 g5 43.h4 gxh4
44.Qe4 Qd1+ 45.Kh2 Qd2+ 46.Rg2 Qf4+ 47.Qxf4 Nxf4 48.Rg7 Ne6 49.Rxh7+ Kg5
50.Rf7 Nd4 51.f4+ Kg4 52.Rf6 Nf3+ 53.Kh1 Nd2 54.e6 Ne4 55.Rg6+  1-0

[Event "Werfen op"]
[Site "Werfen"]
[Date "1994.??.??"]
[Round "?"]
[White "Weiss, Christian"]
[Black "Blehm, Pawel"]
[Result "1-0"]
[WhiteElo "2240"]
[BlackElo "2115"]

1.c4 e5 2.g3 Nf6 3.Bg2 Nc6 4.Nc3 Bb4 5.Nd5 Nxd5 6.cxd5 Ne7 7.Nf3 e4 8.Nd4 f5
9.Qa4 c5 10.dxc6 Qb6 11.Ne6 bxc6 12.Nxg7+ Kd8 13.a3 Bc5 14.e3 Bd6 15.O-O h5
16.d4 Rh7 17.Bd2 Bc7 18.Nxf5 Nxf5 19.Bxe4 d5 20.Bd3 Rg7 21.Rac1 Ne7 22.Bb4 Bd7
23.Qd1 Bg4 24.Qc2 Bd7 25.e4 h4 26.e5 hxg3 27.Bc5 gxh2+ 28.Kh1 Qb8 29.f4 Bb6
30.Bd6 Qc8 31.f5 Nxf5 32.Bxf5 Bxf5 33.Rxf5 Kd7 34.Rf8 Qxf8 35.Qxc6+ Kd8 36.Qxa8+  1-0

[Event "Wiesbaden op"]
[Site "Wiesbaden"]
[Date "1994.??.??"]
[Round "3"]
[White "Arbakov, Valentin"]
[Black "Quendro, Llambi"]
[Result "1-0"]
[WhiteElo "2575"]
[BlackElo "2300"]

1.c4 e5 2.g3 Nc6 3.Bg2 g6 4.Nc3 Bg7 5.Rb1 a5 6.a3 d6 7.b4 axb4 8.axb4 Bf5
9.d3 Qd7 10.b5 Nd8 11.Nd5 Ne7 12.b6 Nxd5 13.cxd5 Qe7 14.e4 Bc8 15.bxc7 Qxc7
16.Ne2 O-O 17.Be3 f5 18.O-O Qe7 19.Qd2 Nf7 20.Rfc1 g5 21.exf5 Bxf5 22.Nc3 Rfc8
23.Ne4 h6 24.Qb4 Rxc1+ 25.Rxc1 g4 26.Rb1 Bf8 27.f3 gxf3 28.Bxf3 Ng5 29.Bxg5 hxg5
30.Rf1 Bg7 31.Be2 Bxe4 32.dxe4 Qc7 33.Bg4 Ra2 34.Qb5 Qc5+ 35.Qxc5 dxc5 36.Be6+ Kh7
37.Rf7 c4 38.d6 Rd2 39.Bd5 c3 40.Rc7 Kg6 41.Rxc3 Bf6 42.d7  1-0

[Event "Wiesbaden op"]
[Site "Wiesbaden"]
[Date "1994.??.??"]
[Round "5"]
[White "Arbakov, Valentin"]
[Black "Tyrtania, Maximilian"]
[Result "0-1"]
[WhiteElo "2570"]
[BlackElo "2235"]

1.c4 e5 2.g3 Nc6 3.Bg2 d6 4.Nc3 g6 5.Rb1 Be6 6.b4 Qd7 7.b5 Nd8 8.d3 Bg7 9.h4 h6
10.Bd2 Ne7 11.Qc1 f5 12.Nh3 d5 13.cxd5 Nxd5 14.f4 Nxc3 15.Bxc3 Bxa2 16.Rb2 Bd5
17.e4 Be6 18.fxe5 Qxd3 19.Nf4 Qxg3+ 20.Rf2 fxe4 21.Ne2 Qd3 22.Nf4 Qxb5 23.Nxg6 Rg8
24.Bxe4 Bd5 25.Bxd5 Qxd5 26.Rg1 Nc6 27.Nf4 Qe4+ 28.Re2 Qc4 29.Reg2 O-O-O
30.Rxg7 Rxg7 31.Rxg7 Nxe5 32.Rg3 Rd4 33.Ne2 Re4 34.Qd2 b6 35.h5 a5 36.Re3 Ng4
37.Rd3 Kb7 38.Bd4 Qf7 39.Qc3 Qxh5 40.Rh3 Qe8 41.Qd3 Qe6 42.Rf3 Qd5 43.Rf4 Rxf4
44.Nxf4 Qh1+ 45.Kd2 Qh2+ 46.Ne2 Qg2 47.Qf5 Nh2 48.Bf6 Nf1+  0-1

[Event "Wrexham"]
[Site "Wrexham"]
[Date "1994.??.??"]
[Round "?"]
[White "Karlsson, Lars"]
[Black "Davies, Nigel R"]
[Result "1/2-1/2"]
[WhiteElo "2500"]
[BlackElo "2510"]

1.c4 e5 2.g3 c6 3.d4 Bb4+ 4.Bd2 Bxd2+ 5.Qxd2 d6 6.Nc3 Nf6 7.dxe5 dxe5 8.Qxd8+ Kxd8
9.Nf3 Re8 10.Bg2 Kc7 11.O-O Bg4 12.Rac1 Bxf3 13.Bxf3 Nbd7 14.Rfd1 Rad8  1/2-1/2

[Event "Wrexham"]
[Site "Wrexham"]
[Date "1994.??.??"]
[Round "?"]
[White "Bezold, Michael"]
[Black "Karlsson, Lars"]
[Result "1/2-1/2"]
[WhiteElo "2475"]
[BlackElo "2500"]

1.g3 e5 2.c4 Nf6 3.Bg2 d5 4.cxd5 Nxd5 5.Nf3 Nc6 6.O-O Nb6 7.Nc3 Be7 8.a3 a5
9.b3 Be6 10.d3 Qd7 11.Bb2  1/2-1/2

[Event "Wrexham"]
[Site "Wrexham"]
[Date "1994.??.??"]
[Round "?"]
[White "Karlsson, Lars"]
[Black "Rayner, Francis"]
[Result "1-0"]
[WhiteElo "2500"]
[BlackElo "2285"]

1.c4 e5 2.g3 Nc6 3.Bg2 d6 4.Nc3 g6 5.e3 Bg7 6.Nge2 Nge7 7.d3 O-O 8.O-O Be6
9.Nd5 Qd7 10.Rb1 Nd8 11.d4 c6 12.Nxe7+ Qxe7 13.b3 Bf5 14.e4 Bg4 15.f3 Bd7
16.Ba3 c5 17.dxc5 dxc5 18.b4 Ne6 19.bxc5 Bc6 20.Nc3 Rfd8 21.Nd5 Qf8 22.f4 exf4
23.gxf4 Nxc5 24.e5 Rac8 25.Qe2 Re8 26.Qf2 b6 27.Qh4 Bd7 28.Rb3 Bf5 29.Bh3 Bxh3
30.Rxh3 h6 31.Qg4 Re6 32.Qg2 Rec6 33.Kh1 Kh7 34.Re3 Qe8 35.f5 Bf8 36.e6 Bg7
37.exf7 Qxf7 38.Re7 Qg8  1-0

[Event "Wuerzburg op"]
[Site "Wuerzburg"]
[Date "1994.??.??"]
[Round "6"]
[White "Arbakov, Valentin"]
[Black "Kveinys, Aloyzas"]
[Result "1/2-1/2"]
[WhiteElo "2575"]
[BlackElo "2520"]

1.c4 e5 2.g3 Nf6 3.Bg2 c6 4.Nf3 e4 5.Nd4 d5 6.cxd5 Qxd5 7.Nc2 Qh5 8.h3 Bc5
9.b4 Bb6 10.Bb2 Nbd7 11.Nc3 Qg6 12.d4 exd3 13.Qxd3 Qxd3 14.exd3 O-O 15.O-O Rd8
16.Ne4 Nd5 17.Nd6 Nf8 18.Nxc8 Raxc8 19.a4 a5 20.bxa5 Bxa5 21.Ra3 Ne6 22.Rb1 Rd7
23.d4 Ra8 24.Ba1 Ra7 25.Ne3 Ne7 26.Nc4 f6 27.h4 Nf5 28.Bh3 g6 29.Ne3 Nexd4
30.Bxd4 Rxd4 31.Bxf5 gxf5 32.Nxf5 Rd7 33.Re3 Kf7 34.h5 Bd2 35.Re4 Rd5 36.g4 Rd7
37.Rb3 Kf8 38.Kf1 Ra5 39.Ke2 Rad5 40.Kf3 Rd3+ 41.Rxd3 Rxd3+ 42.Ke2 Rd7 43.Re6 Bc3
44.Nd6 Be5 45.Re8+ Kg7 46.Nf5+ Kf7 47.Rh8 Ke6 48.Ke3 b5 49.f4 Bc3 50.axb5 cxb5
51.Rb8 b4 52.Ke4 Rc7 53.Rb6+ Kd7 54.Kd5 Ra7 55.Rd6+ Kc7 56.Kc4 Ra1 57.Re6 Re1
58.Ra6 Kb7 59.Rd6 Kc7 60.Ra6 Kb7  1/2-1/2

[Event "ARM-ch"]
[Site "Yerevan"]
[Date "1994.??.??"]
[Round "?"]
[White "Anastasian, Ashot"]
[Black "Khachian, Melikset"]
[Result "1-0"]
[WhiteElo "2545"]
[BlackElo "2390"]

1.c4 e5 2.g3 Nf6 3.Bg2 d5 4.cxd5 Nxd5 5.Nc3 Nb6 6.d3 Be7 7.Be3 O-O 8.Rc1 Nc6
9.Nf3 Be6 10.O-O Nd5 11.Qd2 Nxe3 12.Qxe3 f6 13.Rfd1 Qc8 14.d4 exd4 15.Nxd4 Nxd4
16.Rxd4 c6 17.Re4 Kf7 18.Bh3 Bxh3 19.Rxe7+ Kg8 20.Ne4 Re8 21.Qb3+ Be6 22.Rxe8+ Qxe8
23.Qxb7 Rb8 24.Qxa7 Rxb2 25.Nc3 h5 26.a4 h4 27.Qe3 Qf7 28.Rb1 Rxb1+ 29.Nxb1 Bc4
30.Nc3 h3 31.g4 Qd7 32.Qxh3 Qd4 33.Qf3 Bd5 34.Nxd5 cxd5 35.h3 Qxa4 36.Qxd5+ Kh7
37.Kg2 Qb4 38.Qf5+ Kh8 39.h4  1-0

[Event "Ankara zt"]
[Site "Ankara"]
[Date "1995.??.??"]
[Round "4"]
[White "Anastasian, Ashot"]
[Black "Tzermiadianos, Andreas"]
[Result "1-0"]
[WhiteElo "2530"]
[BlackElo "2440"]

1.c4 e5 2.g3 Nc6 3.Bg2 g6 4.Nc3 Bg7 5.e4 d6 6.Nge2 Nge7 7.d3 Be6 8.O-O Qd7
9.Nd5 O-O 10.Bg5 f6 11.Be3 f5 12.exf5 Nxf5 13.Qd2 Nd8 14.Ndc3 c6 15.Ne4 Nf7
16.b4 Nxe3 17.fxe3 Qe7 18.b5 cxb5 19.cxb5 d5 20.N4c3 d4 21.exd4 exd4 22.Ne4 Rac8
23.Nf4 Nh6 24.a3 Nf5 25.Qb4 Rfe8 26.Bh3 Bd7 27.Qxe7 Rxe7 28.Nd5 Rf7 29.Bxf5 Bxf5
30.Nd6 Rd8 31.Nxf7 Rxd5 32.Rac1 Kxf7 33.g4 Rxb5 34.gxf5 gxf5 35.Rb1 Ra5 36.Rxb7+ Kg6
37.Re1 Be5 38.a4 h6 39.Rb5 Rxb5 40.axb5 Bc7 41.Re7 Bb6 42.Kg2 Kf6 43.Rh7 Kg6
44.Rd7 Kf6 45.h4 Bc5 46.Rc7 Bb6 47.Rc6+ Kg7 48.h5  1-0

[Event "BEL-chT9596"]
[Site "Antwerp"]
[Date "1995.??.??"]
[Round "3"]
[White "Tonoli, Walter"]
[Black "Van Leeuwen, Etienne"]
[Result "1-0"]
[WhiteElo "2290"]
[BlackElo "2075"]

1.c4 e5 2.g3 Nc6 3.Bg2 g6 4.Nc3 Bg7 5.e4 Nge7 6.Nge2 O-O 7.d3 d6 8.O-O Be6
9.Nd5 Nd4 10.Nxd4 exd4 11.Bg5 f6 12.Bd2 c5 13.b4 Bxd5 14.cxd5 b6 15.Qa4 Qe8
16.Qa6 Qc8 17.Qc4 Qd7 18.bxc5 bxc5 19.Rab1 Rfb8 20.Qa6 Bf8 21.h4 Nc8 22.a4 Nb6
23.a5  1-0

[Event "ARG-ch"]
[Site "?"]
[Date "1995.??.??"]
[Round "1"]
[White "Spangenberg, Hugo"]
[Black "Rosito, Jorge"]
[Result "1-0"]
[WhiteElo "2490"]
[BlackElo "2340"]

1.c4 e5 2.g3 Nc6 3.Bg2 g6 4.Nc3 Bg7 5.e3 d6 6.Nge2 Nf6 7.h3 O-O 8.d4 Re8
9.d5 Na5 10.b3 c5 11.dxc6 bxc6 12.Ba3 Bf8 13.Qd2 Bb7 14.Rd1 Re6 15.O-O d5
16.Bxf8 Kxf8 17.cxd5 cxd5 18.Nxd5 Bxd5 19.e4 Rd6 20.exd5 Qb6 21.Qc3 Re8 22.Kh2 Nb7
23.b4 Qb5 24.Qd2 Ra6 25.Rb1 Nd6 26.Nc3 Qc4 27.a4 Qd4 28.Rfd1 Qxd2 29.Rxd2 Rc8
30.Rb3 Rb6 31.b5 Nc4 32.Rc2 Na5 33.Rbb2 Rc4 34.Ra2 Rb8 35.Nd1 Rbc8 36.Ne3 R4c5
37.d6 Nd7 38.Rxc5 Rxc5 39.g4 h6 40.Nd5 Nc4 41.Nb4 Nxd6 42.Rd2 Ke7 43.Nc6+ Ke6
44.Nd8+ Ke7 45.Bc6 h5 46.Nb7  1-0

[Event "Arhus Sommer"]
[Site "Arhus"]
[Date "1995.??.??"]
[Round "7"]
[White "Grabov, Steen"]
[Black "Alkaersig, Ole"]
[Result "1-0"]
[WhiteElo "2270"]
[BlackElo "2185"]

1.c4 e5 2.g3 d6 3.Bg2 g6 4.e3 Bg7 5.Nc3 Nf6 6.Nge2 O-O 7.O-O Nbd7 8.Rb1 Re8
9.b4 h5 10.h4 e4 11.Qc2 Qe7 12.Bb2 Nb6 13.Nf4 c6 14.Nce2 d5 15.cxd5 cxd5
16.Bd4 Be6 17.Nxe6 Qxe6 18.Nf4 Qc6 19.Rfc1 Rac8 20.Qd1 Qd7 21.Rxc8 Rxc8 22.Bxf6 Bxf6
23.Bh3 Qd8 24.Bxc8 Qxc8 25.Rc1 Qd7 26.d3 Qe7 27.a3 Bb2 28.Rc5 d4 29.Nxg6 fxg6
30.Qb3+ Qf7 31.Qxb2 dxe3 32.dxe4 Kh7 33.Qe2 Nd7 34.Rc7 exf2+ 35.Qxf2 Qe6
36.Qd4  1-0

[Event "Donau op"]
[Site "Aschach"]
[Date "1995.??.??"]
[Round "3"]
[White "Piven, Igor"]
[Black "Wiesinger, Robert"]
[Result "1/2-1/2"]
[WhiteElo "2365"]
[BlackElo "2040"]

1.c4 e5 2.g3 Nc6 3.Bg2 g6 4.Nc3 Bg7 5.d3 d6 6.e4 Nge7 7.Nge2 O-O 8.O-O f5
9.Nd5 Be6 10.Be3 Qd7 11.Qd2 Rf7 12.Rac1 Raf8 13.b4 f4 14.gxf4 Nd4 15.f3 Nxe2+
16.Qxe2 exf4 17.Nxe7+ Qxe7 18.Bf2 c5 19.d4 Bxd4 20.Bxd4 cxd4 21.Rfd1 Qf6
22.Qf2 Rc8 23.Rxd4 Rfc7 24.Bf1 b5 25.Qd2 Bxc4 26.Bh3 Be6 27.Rxc7 Rxc7 28.Bf1 Rc2  1/2-1/2